Життя і Слово (Запис № 458105)

МАРК-запис
000 -Лідер
fixed length control field 00667 a2200193 4500
001 - Контрольний номер
control field 216222548
003 - Ідентифікатор контрольного номера
control field UA-OsUOA
005 - Дата та час останнього входження (трансакції)
control field 20220629122229.0
008 - Елементи даних фіксованої довжини – загальна інформація
fixed length control field 220629b un ||||| |||| 00| 0 ukr d
040 ## - Джерело каталогізації
Агенція оригінальної каталогізації UA-OsUOA
Мова каталогізації ukr
Агенція, яка здійснювала перезапис UA-OsUOA
Агенція, яка здійснювала модифікацію UA-OsUOA
041 ## - Код мови
Код мови тексту/ звукової доріжки чи окремого заголовка (П) ukr
080 ## - Індекс Універсальної десяткової класифікації
Індекс Універсальної десяткової класифікації (УДК) (НП) 09:050
090 ## - Локальний шифр розміщення
Класифікаційний індекс УДК 09:050
Авторський знак (НП) Ж74
245 ## - Відомості про назву
Назва (НП) Життя і Слово
Номер частини/ розділу роботи (П) 1948: № 1, 2; 1948-1949: № 3-4
Дані про відповідальність (НП) Ред. М. Мох
650 ## - Додаткове предметне введення – тематичний термін
Джерело заголовка чи терміна UDC
Тематичний термін чи географічна назва, як елемент введення (НП) 09:050 Серійні публікації та періодика
942 ## - Додаткові елементи входу (Коха)
Тип елемента Koha Журнал
Source of classification or shelving scheme Universal Decimal Classification
955 ## - Код типу видання за змістом
Код типу видання за змістом (НП) інше

Немає доступних примірників.